000 00282nam a22001337a 4500
008 170619b xxu||||| |||| 00| 0 eng d
020 _a9780674047747
041 _aeng
080 _a94
100 _a16
101 _aSHH
245 _aFREEDOM PAPERS
_cSCOTT,R.J
942 _2udc
_cBK
999 _c18151
_d18151